| 000 | 00485nam a2200181 i 4500 | ||
|---|---|---|---|
| 001 | 137280 | ||
| 003 | ES-MaACL | ||
| 005 | 20230906195337.0 | ||
| 007 | t| | ||
| 008 | 070214s1964 sp a |||| | spa d | ||
| 100 | 1 |
_aSamso López, Eduardo. _9102210 |
|
| 245 | 1 | 0 |
_aAplicaciones del mármol / _cEduardo Samso López. |
| 250 | _a1ª ed. | ||
| 260 |
_aBarcelona : _bCeac, _c1964. |
||
| 300 |
_a196 p. : _bil. ; _c22 cm. |
||
| 650 | 4 |
_aMármol. _9165731 |
|
| 852 |
_aES-MaACL _jC-28607 |
||
| 999 |
_c137280 _d137280 |
||